History Quiz-Quiz competitions - Statistics

General Stats
  • This quiz has been taken 7 times
  • The average score is 7 of 15
Answer Stats
question Answer % Correct
7.Which U.S. president was the first to appear on television? Franklin D. Roosevelt
86%
14.Which peasant girl led the French army at Orléans during the Hundred Years’ War? Joan of Arc
86%
10.Who was the wartime nurse known as the “Lady with the Lamp"? Florence Nightingale
71%
8.Which American Civil War general later became president of the United States? Ulysses S. Grant
71%
15.In what modern-day country was Karl Marx, the communist philosopher, born? Germany
57%
6.Which Siberian peasant and mystic had a curious ability to heal the son of Emperor Nicholas II, which made him an influential favourite at the court? Grigori Rasputin
57%
1.Who killed the most number of people Mao Zedong
57%
11.Which leader was overthrown by the U.S. invasion of Iraq in 2003? Saddam Hussein
57%
12.Which French women was charged with the crime of wearing men’s clothing? Joan of Arc
43%
5.How many lifeboats did the Titanic have? 20
29%
3.Who was Emiliano Zapata? a revolutionary
29%
2. Who restored democratic rule to the Philippines after the long dictatorship of Ferdinand Marcos? Corazon Aquino
29%
13.Which two Asian countries are divided by the 38th parallel? North and South Korea
29%
4.How long did it take to build the Titanic? three years
0%
9.What war correspondent reported on the Battle of Omdurman? Winston Churchill
0%
No matching quizzes found
Score Distribution
Percent of People with Each Score
Percentile by Number Answered
Your Score History
You have not taken this quiz